| 000 | 00748nam a22001937a 4500 | ||
|---|---|---|---|
| 999 |
_c104145 _d104145 |
||
| 005 | 20230405112459.0 | ||
| 010 | _aUR-9514 | ||
| 020 |
_a9789350738566 _c150.00 |
||
| 035 | _aU-8069 | ||
| 037 | _bDBAD/PUB | ||
| 082 | _a954 | ||
| 100 | _aفیضان جعفر علی | ||
| 245 |
_aتاریخ پورہ معروف اور شیعہ علما و اکا بر _cفیضان جعفر علی |
||
| 246 |
_aHistory of Pura Maroof and Shia Scholars (Ulama) / _bby Faizan Jafar Ali |
||
| 260 |
_aدہلی _bایجوکیشنل پبلیشینگ ہاؤس _c2016 ء |
||
| 270 |
_a٣١٩١،وکیل سٹریٹ،کچہ پنڈت ، لال کان _bدھلی _e110006 _k23216162 |
||
| 300 |
_a196 ص _c22cm(Hb) |
||
| 942 |
_2ddc _cUR _h954 _mف ی ض |
||